LEADER 01506nam a2200289 i 4500 001 000000028160 003 CaOOAMICUS 005 20240315132342.0 008 180830s17651774gw u000 u lat u 040 $aSeMil$bita 100 1 $aHontheim, Johann Nikolaus : von,$d<1701-1790>.$0(OLS)http://semarc/name/12869 245 10$aIustini Febronii JCti De statu Ecclesiae et legitima potestate romani Pontificis liber singularis, ad reuniendos dissidentes in religione christianos compositus. 250 $aEditio altera, priore emendatior et multo auctior 264 1$aBullioni :$bApud Guillelmum Evrardi,$c1765-1774. 300 $a5 v. ;$c4°. 500 $aDescrizione basata su BNF 500 $aMarca sui front. 500 $aFregi, iniz., xilogr. 500 $aA partire dal v. 2: Francofurti et Lipsiae 500 $aLuogo di pubblicazione: Francoforte 510 4 $aIndicativo SBN:$cIT\ICCU\RAVE\005033 650 4$aSanta Sede.$0(OLS)http://semarc/subject/4519 700 1 $aEvrard, Guillaume$b.$0(OLS)http://semarc/name/12870 774 0 $aHontheim, Johann Nikolaus : von <1701-1790>$tTomus tertius ulteriores operis vindicias continens.$g3$w()58656 996 $6245$aIustini Febronii JCti De statu Ecclesiae et legitima potestate romani Pontificis liber singularis, ad reuniendos dissidentes in religione christianos compositus$9(OLS)http://semarc/title/38203 996 $6264$aBullioni :$bApud Guillelmum Evrardi$9(OLS)http://semarc/publisher/37642 LEADER 01074nam a2200253 i 4500 001 000000100628 003 CaOOAMICUS 005 20260121103847.0 008 160309s1935 it u000 u ita u 040 $aSeMil$bita 110 2 $aChiesa Cattolica.$0(OLS)http://semarc/name/987 245 10$aUfficio della Settimana Santa secondo il rito ambrosiano /$ca cura della rivista "Ambrosius". 264 1$aMilano :$bDaverio,$c1935. 300 $a765 p. ;$c17 cm. 650 4$aLibri liturgici - Breviario ambrosiano.$0(OLS)http://semarc/subject/59264 650 4$aSettimana Santa - Liturgia ambrosiana.$0(OLS)http://semarc/subject/17987 710 2 $aAmbrosius .$0(OLS)http://semarc/name/17850 850 $aSeMil 852 $aSeMil$W1$xVenegono$y1$m3KK II 21$j266418$B245516$CSeMilBibl$Z2$F245516 $81 910 2 $aSanta Sede. 996 $6245$aUfficio della Settimana Santa secondo il rito ambrosiano$9(OLS)http://semarc/title/147747 996 $6264$aMilano :$bDaverio$9(OLS)http://semarc/publisher/30287